000 00408nam a22001697a 4500
005 20160630111213.0
008 160630b xxu||||| |||| 00| 0 eng d
020 _a978-93-5134-016-4
041 _aeng
082 _b19510
100 _aArora, C P
_93280
245 _aRefrigeration & Air Conditioning
260 _bMc graw Hill
_c2014
300 _a860
650 _aDiploma Engineering
_9817
942 _cBK
999 _c4874
_d4872